000 00459nab a2200145Ia 4500
003 ES-SlBCS
005 20210601133514.0
008 140529s2004 xxu||||| |||| 00| 0 por d
041 _apor
100 1 _aLains, Pedro
_9159476
245 0 0 _aVinho novo em garrafas velhas: crescimento agrário em Portugal, 1850-1950
_c Pedro Lains
650 0 4 _aVino-Portugal
_9205771
773 0 _tAnálise Social
_gvol. 39, nº. 170, 2004, págs. 63-92
_wRev1529
942 _cAR
999 _c597529
_d597529